Columbus Blue Jackets Roster 2026 - Statistics

General Stats
  • This quiz has been taken 528 times
    119 since last reset
  • The average score is 14 of 25
Answer Stats
# Birthplace Player % Correct
Defencemen 8 Michigan, USA Zach Werenski
95%
Forwards 86 Altay, RUS Kirill Marchenko
86%
Forwards 19 Ontario, CAN Adam Fantilli
81%
Goaltenders 90 Vidzeme, LAT Elvis Merzļikins
79%
Forwards 38 Ontario, CAN Boone Jenner
78%
Forwards 10 Irkutsk, RUS Dmitri Voronkov
74%
Goaltenders 73 Ontario, CAN Jet Greaves
74%
Forwards 23 Ontario, CAN Sean Monahan
72%
Forwards 3 Massachusetts, USA Charlie Coyle
71%
Forwards 91 British Columbia, CAN Kent Johnson
69%
Defencemen 9 Yaroslavl, RUS Ivan Provorov
67%
Forwards 24 Mississippi, USA Mathieu Olivier
62%
Defencemen 78 Saskatchewan, CAN Damon Severson
60%
Forwards 34 Ohio, USA Cole Sillinger
57%
Defencemen 44 Ontario, CAN Erik Gudbranson
57%
Forwards 59 Omsk, RUS Yegor Chinakhov
48%
Defencemen 15 British Columbia, CAN Dante Fabbro
47%
Forwards 11 New York, USA Miles Wood
47%
Defencemen 5 Manitoba, CAN Denton Mateychuk
41%
Forwards 21 Lapplan, SWE Isac Lundeström
33%
Defencemen 2 British Columbia, CAN Jake Christiansen
31%
Forwards 27 New York, USA Zach Aston-Reese
29%
Defencemen 7 Ontario, CAN Brendan Smith
17%
Forwards 16 Ontario, CAN Brendan Gaunce
16%
Forwards 53 Ontario, CAN Luca Pinelli
7%
No matching quizzes found
Score Distribution
Percent of People with Each Score
Percentile by Number Answered
Your Score History
You have not taken this quiz since the last reset